000 00275nam a2200109Ia 4500
008 190216s9999||||xx |||||||||||||| ||und||
100 _aCharles L Schultze
245 0 _aNational Income Analysis
260 _bPrentice Hall Of India Pvt Ltd
_c1987
300 _a162p
942 _cBK
999 _c5276
_d5276